[Event "GRE-ch U10 Girls"]
[Site "Rio Achaia"]
[Date "2018.07.07"]
[Round "7"]
[White "Chasouraki, Chrysi"]
[Black "Vardaka, Sofia"]
[Result "1-0"]
[WhiteElo "1026"]
[BlackElo "1021"]
[PlyCount "63"]
[EventDate "2018.07.03"]
[EventType "swiss"]
[EventRounds "9"]
[EventCountry "GRE"]
[SourceTitle "EXT 2019"]
[Source "ChessBase"]
[SourceDate "2018.10.10"]
[SourceVersion "1"]
[SourceVersionDate "2018.10.10"]
[SourceQuality "1"]

1. e4 c5 2. Nf3 d6 3. d4 cxd4 4. Nxd4 Nf6 5. Nc3 a6 6. Bg5 e6 7. Qd3 Be7 8. f4 0-0 9. 0-0-0 b5 10. Be2 Bb7 11. Bf3 Nfd7 12. Bxe7 Qxe7 13. g4 Nb6 14. h4 b4 15. Nce2 Qc7 16. h5 Rd8 17. g5 Qc4 18. Qxc4 Nxc4 19. b3 Nb6 20. Rdg1 N8d7 21. Ng3 a5 22. Rd1 d5 23. exd5 Bxd5 24. Bxd5 Nxd5 25. f5 exf5 26. Nc6 N5b6 27. Nxd8 Rxd8 28. Nxf5 Ra8 29. Kb2 f6 30. gxf6 Nxf6 31. Rd6 Nbd7 32. Rg1 1-0

[Event "GRE-ch U10 Girls"]
[Site "Rio Achaia"]
[Date "2018.07.06"]
[Round "6"]
[White "Vardaka, Sofia"]
[Black "Gkoutzouki, Aikaterini Argyro"]
[Result "0-1"]
[WhiteElo "1021"]
[BlackElo "1186"]
[PlyCount "120"]
[EventDate "2018.07.03"]
[EventType "swiss"]
[EventRounds "9"]
[EventCountry "GRE"]
[SourceTitle "EXT 2019"]
[Source "ChessBase"]
[SourceDate "2018.10.10"]
[SourceVersion "1"]
[SourceVersionDate "2018.10.10"]
[SourceQuality "1"]

1. e4 c5 2. Nc3 Nc6 3. f4 g6 4. Nf3 Bg7 5. Bc4 a6 6. d3 d6 7. 0-0 Nf6 8. Qe1 b5 9. Bb3 Qb6 10. Kh1 0-0 11. Qh4 e6 12. f5 exf5 13. Bg5 fxe4 14. Bxf6 exf3 15. Rxf3 Nd4 16. Rf2 Nf5 17. Nd5 Nxh4 18. Nxb6 Rb8 19. Nxc8 Bxf6 20. Rxf6 Rbxc8 21. Rxd6 a5 22. a4 c4 23. dxc4 bxc4 24. Ba2 Rc5 25. Rad1 Nf5 26. R6d5 Rfc8 27. Rxc5 Rxc5 28. Rd8+ Kg7 29. Rb8 Ne3 30. c3 Rf5 31. h3 Rf1+ 32. Kh2 Ra1 33. Re8 Nf1+ 34. Kg1 Nd2+ 35. Kf2 Rxa2 36. Re2 Nb3 37. Re4 Rxa4 38. Ke3 Nc5 39. Rd4 Nd3 40. b3 Ra3 41. Rxc4 Nb2 42. Rc5 Rxb3 43. Kd2 a4 44. Kc2 Rb6 45. Ra5 f5 46. Kc1 Kf6 47. c4 Nxc4 48. Rxa4 Ne3 49. Ra2 Rc6+ 50. Kb1 Kg5 51. g3 Rc2 52. Ra3 Re2 53. Kc1 Nf1 54. Rf3 Nh2 55. Rf4 Rg2 56. h4+ Kh5 57. Kd1 Rxg3 58. Ke1 Rg4 59. Rf2 Rxh4 60. Rg2 Ng4 0-1